000 00986nam a2200229Ia 4500
999 _c52487
_d52487
001 19510
003 GE_BSU
005 20211203152654.0
008 181216s1982||||ge |||||||||||||| ||geo||
040 _cGE_BSU
041 _ageo
080 _a811.353'367 კ-49
100 _aკიზირია, ანტონ
_97225
245 _aმარტივი წინადადების შედგენილობა ქართველურ ენებში /
_cანტონ კიზირია ; გამომც. რედ. გ. გოგიავა.
264 _aთბილისი :
_bმეცნიერება,
_c1982.
300 _a309 გვ. ;
_c21 სმ.
541 _h4ლ.50თ.
653 _aმარტივი წინადადება ქართველურ ენებში
653 _aქართული ენა
700 _aგოგიავა, გ.
_eრედაქტორი
_913172
942 _cBK
_2udc